000 00777nam a2200229 i 4500
001 95398
003 ES-MaACL
005 20250822063141.0
007 t|
008 050527s1961 sp ||||1| spa d
100 1 _aLladonosa i Pujol, Josep,
_d1907-1990
_972657
245 1 4 _aLas calles y plazas de Lérida a través de la historia.
_n1 /
_cpor José Lladonosa Pujol.
260 _aLérida :
_bA.G. Ilerda,
_c1961.
300 _a1 v. (313 p.) ;
_c17 cm.
594 _aPrecede al tít.: Ayuntamiento de Lérida, Sección de Cultura.
650 4 _aCalles-
_zLérida.
_9172263
650 4 _aPlazas-
_zLérida.
_9172264
651 4 _aLérida-
_xHistoria.
_9168306
710 1 _aLérida.
_bAyuntamiento.
_95496
852 _aES-MaACL
_jE-3739
999 _c95398
_d95398